000 00434cam a22001337a 4500
008 180718b1999 xxu||||| |||| 00| 0 eng d
082 _aA81x54 91/7/Pt2A
100 _aCensus of India 1991
245 _aGujarat: general population tables
260 _aDelhi
_bThe Controller of Publications
_c1999
300 _a394+p.
440 _aCensus of India 1991. Series-7, Gujarat. Part II-A
650 _aPopulation - Census - India - Gujarat
999 _c484502
_d484502